000 00430nam a2200169 i 4500
001 bg
100 1 _aCHMIELOWSKI, Leon
245 0 _aProblemy żywnościowe /
_cL. Chmielowski.
260 _aWarszawa :
_bPWN,
_c1982.
490 1 _aBiblioteka Problemów ;
_vt.278
830 _aBiblioteka Problemów ;
040 _cBPK
041 _apol
080 _a664+63:613.2
942 _cKS
008 s pl f |000 0 pol
999 _c21159
_d21159
856 _uhttp://koha.tu.koszalin.pl/cgi-bin/koha/opac-detail.pl?biblionumber=21159
_yKatalog online BPK